Tác động của đạo Tin Lành đối với người Mông di cư ở Đắk Lắk /
保存先:
| 第一著者: | |
|---|---|
| その他の著者: | |
| フォーマット: | 論文 |
| 言語: | Vietnamese |
| 主題: | |
| タグ: |
タグ追加
タグなし, このレコードへの初めてのタグを付けませんか!
|
| Thư viện lưu trữ: | Thư viện Trường Đại học Đà Lạt |
|---|
| LEADER | 00853nam a2200277 4500 | ||
|---|---|---|---|
| 001 | DLU180183854 | ||
| 005 | ##20180308 | ||
| 040 | # | # | |a DLU |b vie |
| 041 | # | # | |a vie |
| 044 | # | # | |a vn |
| 100 | # | # | |a Phạm Văn Dương. |
| 245 | # | # | |a Tác động của đạo Tin Lành đối với người Mông di cư ở Đắk Lắk / |c Phạm Văn Dương, Vũ Thị Hà. |
| 653 | # | # | |a Đạo Tin Lành |
| 653 | # | # | |a Đắk Lắk |
| 653 | # | # | |a Dân tộc Mông |
| 653 | # | # | |a Di cư |
| 700 | # | # | |a Vũ Thị Hà. |
| 773 | # | # | |t Tạp chí Khoa học xã hội Việt Nam |g Số 1(110), 2017, tr. 68-76 |
| 920 | # | # | |a Phòng Tạp chí -- Trung tâm Thông tin - Thư viện Trường Đại học Đà Lạt |
| 900 | # | # | |a True |
| 911 | # | # | |a Hoàng Thị Huyền |
| 925 | # | # | |a G |
| 926 | # | # | |a A |
| 927 | # | # | |a BB |
| 980 | # | # | |a Thư viện Trường Đại học Đà Lạt |